Maréchaux de Napoléon - Statistiques

Statistiques générales
  • Ce quiz a été pris 1 160 fois
  • Le résultat moyen est 15 sur 26
Statistiques - réponses
Nom % Correct
1804 Michel Ney
92%
1804 Joachim Murat
90%
1804 Jean Lannes
84%
1804 Louis-Nicolas Davout
82%
1804 Jean-de-Dieu Soult
75%
1804 Jean-Baptiste Bernadotte
72%
1804 André Masséna
68%
1804 Louis-Alexandre Berthier
65%
1815 Emmanuel de Grouchy
64%
1809 Étienne Macdonald
64%
1813 Joseph Poniatowski
60%
1804 Pierre Augereau
57%
1804 Jean-Baptiste Bessières
55%
1804 François-Christophe Kellermann
53%
1804 Édouard Mortier
47%
1804 Guillaume Brune
47%
1811 Louis Gabriel Suchet
47%
1809 Nicolas Oudinot
47%
1809 Auguste Viesse de Marmont
46%
1804 Jean Sérurier
46%
1804 François-Joseph Lefebvre
45%
1804 Jean-Baptiste Jourdan
45%
1812 Laurent de Gouvion-Saint-Cyr
42%
1807 Claude Victor
41%
1804 Bon Adrien Jeannot de Moncey
39%
1804 Catherine-Dominique Perignon
36%
Aucun quiz correspondant
Distribution des résultats
% des personnes avec chaque résultat
Percentile par nombre de réponses
Votre historique - résultats
Vous n’avez pas pris ce quiz